[Event "HUN-chT2 Breyer 1718"]
[Site "Hungary"]
[Date "2017.12.17"]
[Round "6.12"]
[White "Somos, Mate"]
[Black "Sulyok, Eszter"]
[Result "0-1"]
[WhiteElo "1372"]
[BlackElo "1728"]
[PlyCount "58"]
[EventDate "2017.09.24"]
[EventType "team-tourn"]
[EventRounds "11"]
[EventCountry "HUN"]
[SourceTitle "EXT 2021"]
[Source "ChessBase"]
[SourceDate "2020.10.23"]
[SourceVersion "1"]
[SourceVersionDate "2020.10.23"]
[SourceQuality "1"]
[WhiteTeam "Szekesfehervar"]
[BlackTeam "Biatorbagy"]
[WhiteTeamCountry "HUN"]
[BlackTeamCountry "HUN"]

1. d4 d5 2. Bf4 Nf6 3. e3 Bf5 4. Nf3 e6 5. c4 Nbd7 6. Nc3 dxc4 7. Bxc4 Nb6 8. Bd3 Bxd3 9. Qxd3 Nfd5 10. Bg3 Nb4 11. Qe2 a6 12. a3 N4d5 13. Nxd5 Nxd5 14. 0-0 Be7 15. Rac1 Rc8 16. Ne5 0-0 17. Rc2 Bd6 18. Rfc1 Re8 19. Qf3 Qe7 20. Nc4 Bxg3 21. Qxg3 Red8 22. Na5 c6 23. Qf3 Qc7 24. Rc5 Qe7 25. Qd1 Qd7 26. Qb3 b6 27. Nxc6 bxc5 28. Nxd8 Qxd8 29. dxc5 Qb6 0-1